000 00520nam a2200169Ia 4500
008 230718s9999 xx 000 0 und d
020 _a9781484240465
041 _aeng
082 _a005.13'3074
_bGUP
100 _aGupta D.
245 _aApplied Analytics Through Case Studies Using SAS And R
_bImplementing Predictive Models And Machine Learning Techniques
260 _c2019
_bApress
300 _a404
365 _cRs.
_b1049.00
700 _aGupta D.
906 _dO:0642501-Mar-2019B:507725-Feb-2019
_cTC
_b230.78
999 _c349714
_d349714